|
|
|
|
| LEADER |
00757 a2200193 4500 |
| 008 |
150210b xxu||||| |||| 00| 0 eng d |
| 999 |
|
|
|c 104439
|d 104439
|
| 020 |
|
|
|a 9789350501146
|
| 082 |
|
|
|a 025.10954
|
| 245 |
|
|
|a Information management today and tomorrow /
|c edited by Reddy, Rama E
|
| 260 |
|
|
|c 2013
|b B.R Publishing corporation
|a Delhi
|
| 300 |
|
|
|a 2v; 617p.
|
| 650 |
|
|
|a Library administration-India
|
| 650 |
|
|
|a library administration
|
| 650 |
|
|
|a Information science-India-management
|
| 650 |
|
|
|a digital libraries management
|
| 650 |
|
|
|a libraries-electronic information resources
|
| 942 |
|
|
|2 ddc
|c BK
|
| 952 |
|
|
|0 0
|1 0
|2 ddc
|4 0
|6 025_109540000000000_INF_2
|7 0
|9 106239
|a UL
|b UL
|c REF
|d 2014-02-06
|e 2
|g 0.00
|h Vol.2
|l 0
|o 025.10954 INF.2
|p 91732
|r 2014-08-10
|v 0.00
|y REF
|